<?xml version="1.0" encoding="utf-8"?>
<?xml-stylesheet type='text/xsl' href='./oai2.xsl'?>
<OAI-PMH xmlns="http://www.openarchives.org/OAI/2.0/" xmlns:xsi="http://www.w3.org/2001/XMLSchema-instance" xsi:schemaLocation="http://www.openarchives.org/OAI/2.0/ http://www.openarchives.org/OAI/2.0/OAI-PMH.xsd">
  <responseDate>2026-06-06T13:15:46Z</responseDate>
  <request verb="GetRecord" metadataPrefix="marcxml" identifier="record_kuniweb_951121">https://kulturerbe.niedersachsen.de/oai</request>
  <GetRecord>
    <record>
      <header>
        <identifier>record_kuniweb_951121</identifier>
        <datestamp>2025-08-28T09:38:22Z</datestamp>
        <setSpec>slg0138</setSpec>
      </header>
      <metadata>
        <marc:record xmlns:marc="http://www.loc.gov/MARC21/slim" xsi:schemaLocation="http://www.loc.gov/MARC21/slim http://www.loc.gov/standards/marcxml/schema/MARC21slim.xsd">
          <marc:leader>12345nkm  22     uu 4500</marc:leader>
          <marc:controlfield tag="001">951121</marc:controlfield>
          <marc:controlfield tag="003">http://kuniweb.gbv.de</marc:controlfield>
          <marc:controlfield tag="005">2024-04-08T19:16:25</marc:controlfield>
          <marc:controlfield tag="008">|           ||||||||||||||||||||||</marc:controlfield>
          <marc:datafield tag="245" ind1="1" ind2="0">
            <marc:subfield code="a">Antrieb zur Lichtmaschine für die Neue Mühle in Derenburg, 1906</marc:subfield>
          </marc:datafield>
          <marc:datafield tag="655" ind1=" " ind2="7">
            <marc:subfield code="a">Grafik</marc:subfield>
          </marc:datafield>
          <marc:datafield tag="046" ind1=" " ind2=" ">
            <marc:subfield code="k">1906-01-27</marc:subfield>
            <marc:subfield code="k">27.01.1906</marc:subfield>
          </marc:datafield>
          <marc:datafield tag="260" ind1=" " ind2=" ">
            <marc:subfield code="g">1906-01-27</marc:subfield>
            <marc:subfield code="g">27.01.1906</marc:subfield>
          </marc:datafield>
          <marc:datafield tag="520" ind1=" " ind2=" ">
            <marc:subfield code="a">Zeichnung – schwarz-weiß   
Herstellungsort – Königshütte, (Bad) Lauterberg

Auftraggeber und Standort: 
H. Müller, Neue Mühle - Derenburg

Anmerkung zur Mühle:
Die ehemalige kleine Industriemühle ist bei der DGM (Deutsche Gesellschaft für Mühlenkunde und Mühlenerhaltung e. V.) registriert. Sie ist in Privatbesitz und nicht als Denkmal ausgewiesen. Es handelt sich um eine Wassermühle, sie wird von einer Turbine von 25 kW angetrieben und ist eine Getreidemühle.
Gebaut worden ist sie 1904 nach dem Brand der alten Mühle, betrieben wurde sie bis 1966. Es gab ehemals 5 Doppelstühle, Plansichter, Reinigung, Silo, Fahrstuhl, Elevatoren, und eine Notstromanlage.  – Ihr heutiger Zustand wird als gefährdet/ruinös beschrieben, Dächer, Böden und Fenster sollen schadhaft sein.
siehe:
Mühlen in Sachsen-Anhalt, Indexseite - Wassermühle Klein Quenstedt
www.wassermuehle-klein-quenstedt.de/muehlen-lsa.html


 (Förderkreis Königshütte Bad Lauterberg e.V.)

Maßstab: 1 zu 10

Literatur in Zusammenhang:
Mühlen in Sachsen-Anhalt, Indexseite - Wassermühle Klein Quenstedt www.wassermuehle-klein-quenstedt.de/muehlen-lsa.html</marc:subfield>
          </marc:datafield>
          <marc:datafield tag="650" ind1="1" ind2=" ">
            <marc:subfield code="a">Antrieb &lt;Technik&gt;</marc:subfield>
          </marc:datafield>
          <marc:datafield tag="650" ind1="1" ind2=" ">
            <marc:subfield code="a">Grafik, Fotografie &gt; Zeichnung</marc:subfield>
          </marc:datafield>
          <marc:datafield tag="650" ind1="1" ind2=" ">
            <marc:subfield code="a">Handwerk</marc:subfield>
          </marc:datafield>
          <marc:datafield tag="650" ind1="1" ind2=" ">
            <marc:subfield code="a">Derenburg (Blankenburg (Harz), Harz, Sachsen-Anhalt)</marc:subfield>
          </marc:datafield>
          <marc:datafield tag="773" ind1="0" ind2=" ">
            <marc:subfield code="t">Antriebe und Transportanlagen</marc:subfield>
          </marc:datafield>
          <marc:datafield tag="852" ind1=" " ind2=" ">
            <marc:subfield code="a">Industriedenkmal Königshütte Bad Lauterberg im Harz</marc:subfield>
          </marc:datafield>
          <marc:datafield tag="" ind1=" " ind2=" ">
            <marc:subfield code="a">Namensnennung - Nicht kommerziell - Keine Bearbeitungen 4.0 International (CC BY-NC-ND 4.0)</marc:subfield>
          </marc:datafield>
        </marc:record>
      </metadata>
    </record>
  </GetRecord>
</OAI-PMH>
